| 000 | 00429nam a2200193Ia 4500 | ||
|---|---|---|---|
| 005 | 20240823022735.0 | ||
| 008 | 240823s9999||||xx |||||||||||||| ||und|| | ||
| 020 | _a81-7809-295-6 | ||
| 041 | _aENGLISH | ||
| 082 | _A158 P5 | ||
| 100 | _a"Prather,Hugh" | ||
| 245 | 0 | _aShining Through | |
| 250 | _a1st | ||
| 260 |
_c2005 _b"Magna,M" _aMumbai |
||
| 500 | _aYES | ||
| 650 |
_aHappy _bGeneral |
||
| 942 | _cBK | ||
| 999 |
_c179890 _d179890 |
||